Phát triển hệ thống thông tin : Góc nhìn của người quản lý

שמור ב:
מידע ביבליוגרפי
מחבר ראשי: Ngô, Trung Việt
פורמט: ספר
שפה:Undetermined
יצא לאור: Hà Nội Khoa học và Kỹ thuật 2001
נושאים:
תגים: הוספת תג
אין תגיות, היה/י הראשונ/ה לתייג את הרשומה!
Thư viện lưu trữ: Trung tâm Học liệu Trường Đại học Cần Thơ
LEADER 00616nam a2200205Ia 4500
001 CTU_120242
008 210402s9999 xx 000 0 und d
020 |c 35000 
082 |a 658.4038 
082 |b V308 
100 |a Ngô, Trung Việt 
245 0 |a Phát triển hệ thống thông tin : 
245 0 |b Góc nhìn của người quản lý 
245 0 |c Ngô Trung Việt 
260 |a Hà Nội 
260 |b Khoa học và Kỹ thuật 
260 |c 2001 
650 |a Management information systems 
904 |i Minh 
980 |a Trung tâm Học liệu Trường Đại học Cần Thơ